Řízení a financování vysokého školství Spojené státy americké
V USA je 3150 vysokoškolských inštitúcií. Patria medzi ne špičkové univerzity i menej kvalitné vysoké školy. Medzi ich problémy patrí nedostatok peňazí a tlak na zvýšenie kvality. Charakteristika riadenia vysokých škôl v USA, ich financovania a univerzitného výskumu.
Saved in:
| Main Author: | |
|---|---|
| Format: | Book Chapter |
| Language: | Czech |
| Subjects: | |
| Tags: |
No Tags, Be the first to tag this record!
|
MARC
| LEADER | 00000naa a2200000 4500 | ||
|---|---|---|---|
| 001 | r010563 | ||
| 005 | 20220831090453.0 | ||
| 041 | 0 | |a cze | |
| 044 | |a CS | ||
| 245 | 1 | 0 | |a Řízení a financování vysokého školství |b Spojené státy americké |c J. Stránský |
| 520 | |a V USA je 3150 vysokoškolských inštitúcií. Patria medzi ne špičkové univerzity i menej kvalitné vysoké školy. Medzi ich problémy patrí nedostatok peňazí a tlak na zvýšenie kvality. Charakteristika riadenia vysokých škôl v USA, ich financovania a univerzitného výskumu. | ||
| 610 | 2 | 0 | |a školy vysoké |
| 610 | 2 | 0 | |a riadenie odvetví |
| 610 | 2 | 0 | |a financovanie odvetví |
| 610 | 2 | 0 | |a USA |
| 610 | 2 | 0 | |a výskum |
| 100 | 1 | |a Stránský, J. | |